Introduction to Power Electronics (Record no. 62447)
[ view plain ]
| 000 -LEADER | |
|---|---|
| fixed length control field | 00422nam a2200181Ia 4500 |
| 005 - DATE AND TIME OF LATEST TRANSACTION | |
| control field | 20190817124800.0 |
| 020 ## - INTERNATIONAL STANDARD BOOK NUMBER | |
| ISBN | 131804154 |
| 041 ## - LANGUAGE CODE | |
| Language code of text/sound track or separate title | English |
| 100 ## - MAIN ENTRY--AUTHOR NAME | |
| Personal name | "Hart, Daniel W" |
| 245 #0 - TITLE STATEMENT | |
| Title | Introduction to Power Electronics |
| 250 ## - EDITION STATEMENT | |
| Edition statement | \\199700ENGGPSX |
| 260 ## - PUBLICATION, DISTRIBUTION, ETC. (IMPRINT) | |
| Place of publication | Prentice Hall |
| 260 ## - PUBLICATION, DISTRIBUTION, ETC. (IMPRINT) | |
| Name of publisher | 1997 |
| 260 ## - PUBLICATION, DISTRIBUTION, ETC. (IMPRINT) | |
| Year of publication | Englewood Cliffs |
| 300 ## - PHYSICAL DESCRIPTION | |
| Number of Pages | 418p |
| 500 ## - GENERAL NOTE | |
| General note | includes index and biblioraphy |
| 942 ## - ADDED ENTRY ELEMENTS (KOHA) | |
| Koha item type | Books |
| Withdrawn status | Lost status | Home library | Current library | Shelving location | Date acquired | Full call number | Accession Number | Koha item type |
|---|---|---|---|---|---|---|---|---|
| PSG-CAS LIBRARY | PSG-CAS LIBRARY | SW ROW 3 RACK 44 SHELF 2 | 25/04/2018 | 621.381 H3 | 72370 | Books |